Capitalism : essays in understanding (Record no. 433833)

000 -LEADER
fixed length control field 00318cam a22001217a 4500
008 - FIXED-LENGTH DATA ELEMENTS--GENERAL INFORMATION
fixed length control field 180718b1967 xxu||||| |||| 00| 0 eng d
082 ## - DEWEY DECIMAL CLASSIFICATION NUMBER
Classification number T111 H95
100 ## - MAIN ENTRY--PERSONAL NAME
Personal name Husain, Zakir
245 ## - TITLE STATEMENT
Title Capitalism : essays in understanding
Statement of responsibility, etc. by Zakir Husain
260 ## - PUBLICATION, DISTRIBUTION, ETC.
Place of publication, distribution, etc. Bombay
Name of publisher, distributor, etc. Asia
Date of publication, distribution, etc. 1967
300 ## - PHYSICAL DESCRIPTION
Extent 204p.
650 ## - SUBJECT ADDED ENTRY--TOPICAL TERM
Topical term or geographic name entry element Capitalism
Holdings
Withdrawn status Lost status Damaged status Not for loan Permanent Location Current Location Date acquired Full call number Barcode Date last seen Price effective from Koha item type
        Indian Institute of Public Administration Indian Institute of Public Administration 2010-02-11 T111 H95 40701 2018-07-21 2018-07-21 Book

Powered by Koha